000 00785nam a2200241 a 4500
001 BRCA_2359
005 20190320203755.0
008 291008s1976----mx-a---###---#000-0#spa-#
041 _aspa
044 _amx
050 4 _aCC135
_b.C57 1976
245 1 0 _aConservación de monumentos y zonas monumentales
_cSalvador Díaz-Berrio Fernández ; colaboración de Olga Orive y Francisco Zamora.
260 _aMéxico
_bSEP
_c1976
300 _a222 p.
_bil.
_c22 cm.
500 _aEjemplar engargolado
500 _aPor política no se presta a domicilio
650 1 4 _aSitios Históricos
_xConservación y restauración
_9260
700 1 _aDíaz-Berrio Fernández, Salvador
_97072
700 1 _aOrive, Olga
_97073
700 1 _aZamora, Francisco
_97074
902 _aeng
942 _2lcc
_cB
999 _c2100
_d2100